[Event "CAN-ch U16 Girls"]
[Site "Kapuskasing"]
[Date "2004.07.08"]
[Round "5"]
[White "Migneault, Dominik"]
[Black "Stager, Naomi"]
[Result "1-0"]
[WhiteElo "1339"]
[BlackElo "1223"]
[PlyCount "101"]
[EventDate "2004.07.06"]
[EventType "tourn"]
[EventRounds "5"]
[EventCountry "CAN"]
[SourceTitle "EXT 2006"]
[Source "ChessBase"]
[SourceDate "2005.11.24"]
[SourceVersion "1"]
[SourceVersionDate "2005.11.24"]
[SourceQuality "1"]

1. d4 d5 2. c4 c6 3. e3 Nf6 4. Nc3 e6 5. Nf3 Bd6 6. cxd5 cxd5 7. g3 0-0 8. Bg2 h6 9. 0-0 Nbd7 10. Re1 b6 11. Bd2 Ba6 12. Rc1 Rc8 13. Qa4 Bc4 14. Nb5 Ne4 15. Nxd6 Nxd6 16. Bb4 Qc7 17. b3 Qb8 18. bxc4 dxc4 19. Bxd6 Qxd6 20. Rxc4 Rxc4 21. Qxc4 Nf6 22. e4 Ng4 23. h3 Nf6 24. e5 Qd8 25. exf6 Qxf6 26. d5 Re8 27. d6 a6 28. d7 Rd8 29. Ne5 b5 30. Qc7 Qe7 31. Nc6 Qxd7 32. Qxd8+ Qxd8 33. Nxd8 g6 34. Nc6 a5 35. Nxa5 b4 36. Nc6 h5 37. Nxb4 g5 38. Re5 Kg7 39. a4 Kg6 40. a5 g4 41. h4 Kf6 42. Rxh5 Ke7 43. a6 f5 44. a7 Kf6 45. a8Q Ke5 46. Nd3+ Kd4 47. Nf4 Ke5 48. Qb8+ Kf6 49. Qd6 Kg7 50. Rg5+ Kf6 51. Qxe6# 1-0